Представление документа в формате MARC21

Поле Инд. ПП Название Значение
Тип записи a
Библиографический уровень m
001 Контрольный номер 6584194a76b54686a165522ae05f4e53
005 Дата корректировки 20190329110235.7
008 Кодируемые данные 190325|||||||||ru |||||||||||||||||rus||
040 b Код языка каталог. rus
041 0_ a Код языка текста rus
084 a Индекс другой классификации/Индекс ББК 67.911.17-32+39.42-082.03
090 a Полочн. индекс 67.911.17
x Авторский знак К 65
245 10 a Заглавие Консолидированный текст Конвенции СОЛАС-74
b Продолж. заглавия бюллетень № 39 изм. и доп.
246 01 a Другая форма заглавия Consolidated text of the 1974 SOLAS Convention
260 a Место издания Санкт-Петербург
b Издательство ЦНИИМФ
c Дата издания 2018
300 a Объем 18, [1] с.
520 0_ a Аннотация Международная конвенция по охране человеческой жизни на море 1974 г. (СОЛАС-74) была принята на Международной конференции по охране человеческой жизни на море 1 ноября 1974 г. Комитет по безопасности на море (КБМ) Международной морской организации (ИМО) принял ряд поправок к Приложению к СОЛАС-74
650 04 a Основная рубрика Международная конвенция по охране человеческой жизни на море 1974
650 14 a Основная рубрика Безопасность плавания судов-Международное морское право
653 0_ a Ключевые слова Безопасность мореплавания; Безопасность на море; Бюллетень изменений и дополнений; ИМО; Конвенции ИМО; Международная конвенция по охране человеческой жизни на море 1974; Международное морское право; Международные морские организации; Охрана жизни на море; Противопожарное оборудование судов; Противопожарные системы судов; Резолюция MSC.436(99); СОЛАС-74
900 a Имя макрообъекта СОЛАС БЮЛЛЕТЕНЬ 39
901 t Тип документа m